000 01273cam a22003495i 4500
001 010695882
003 EG-ScBUE
005 20250812094206.0
008 960226r19971979enka f b 001 0deng d
020 _a0582218667
020 _a9780582218666
040 _aEG-ScBUE
_beng
_erda
_cEG-ScBUE
_dEG-ScBUE
082 0 4 _a544
_222
_bVOG
245 0 0 _aVogel's qualitative inorganic analysis /
_crevised by G. Svehla, Ph.D., DSC, FRSC, formerly professor of analytical chemistry, University College, Cork.
250 _aSeventh edition.
264 1 _aHarlow :
_bLongman,
_c1997.
300 _a347 pages :
_billustrations ;
_c26 cm
336 _2rdacontent
_atext
_btxt
337 _aunmediated
_2rdamedia
_bn
338 _avolume
_bnc
_2rdacarrier
500 _aReprint of 1996 edition.
500 _aPearson Education print on demand edition.
504 _aIncludes bibliographical references and index.
600 1 _aVogel, Arthur I.
_q(Arthur Israel)
_2BUEsh
650 7 _aChemistry, Analytic
_xQualitative.
_930060
_2BUEsh
650 7 _aChemistry, Inorganic.
_96017
_2BUEsh
653 1 _bGGEN
_bENGCHE
_cJune2012
_cFebruary2013
_cFebruary2018
655 _vStudents Projects
700 1 _930059
_aSvehla, G.,
_eeditor.
942 _2ddc
_cBB
999 _c16757
_d16757